Quiz Medale Polski w sportach - Statystyki

Ogólne statystyki
  • Ten quiz został rozwiązany 33 razy
  • Średni wynik to 3 z 6
Statystyki odpowiedzi
Medale Dyscyplina % Poprawnych
3-1-0 Siatkówka
94%
0-0-2 Piłka nożna
84%
0-1-3 Piłka ręczna
66%
25-38-56 Podnoszenie ciężarów
16%
18-4-0 Latanie precyzyjne
3%
17-15-12 Łucznictwo
3%
Nie znaleziono quizów pasujących do podanych kryteriów
Rozkład punktacji
Procent ludzi z każdym wynikiem
Percentyl według liczby udzielonych odpowiedzi
Twoja historia wyników
Nie rozwiązałeś tego quizu